[Event "Perth op"]
[Site "Perth"]
[Date "2023.01.05"]
[Round "6"]
[White "Norris, Damian C"]
[Black "Phillips, Max1111"]
[Result "1-0"]
[WhiteElo "1890"]
[BlackElo "1506"]
[PlyCount "53"]
[EventDate "2023.01.02"]
[EventType "swiss"]
[EventRounds "11"]
[EventCountry "AUS"]
[SourceTitle "CBM 212 Extra"]
[Source "ChessBase"]
[SourceDate "2023.03.31"]
[SourceVersion "1"]
[SourceVersionDate "2023.03.31"]
[SourceQuality "1"]

1. e4 c6 2. d4 d5 3. Nc3 dxe4 4. Nxe4 Nf6 5. Nxf6+ exf6 6. c3 Bd6 7. Bd3 0-0 8. Qc2 Re8+ 9. Ne2 g6 10. h4 Qe7 11. h5 f5 12. hxg6 fxg6 13. Bh6 Be6 14. 0-0-0 c5 15. c4 cxd4 16. Nxd4 Na6 17. Nxe6 Nb4 18. Qb3 Qxe6 19. Kb1 Bc5 20. Qc3 Qe5 21. Qxe5 Rxe5 22. a3 Nxd3 23. Rxd3 Bxf2 24. Rd7 b5 25. Rg7+ Kh8 26. Rb7 bxc4 27. Bg7+ 1-0

[Event "Perth op"]
[Site "Perth"]
[Date "2023.01.03"]
[Round "2"]
[White "Norris, Damian C"]
[Black "Solomontchik, Daniel"]
[Result "1-0"]
[WhiteElo "1890"]
[BlackElo "1452"]
[PlyCount "78"]
[EventDate "2023.01.02"]
[EventType "swiss"]
[EventRounds "11"]
[EventCountry "AUS"]
[SourceTitle "CBM 212 Extra"]
[Source "ChessBase"]
[SourceDate "2023.03.31"]
[SourceVersion "1"]
[SourceVersionDate "2023.03.31"]
[SourceQuality "1"]

1. e4 c5 2. Nf3 e6 3. d4 cxd4 4. Nxd4 a6 5. Be2 Nf6 6. Nc3 b5 7. e5 b4 8. exf6 bxc3 9. fxg7 Bxg7 10. b3 Bb7 11. Ba3 Nc6 12. Nxc6 Bxc6 13. Bf3 Qc7 14. Bd6 Qb7 15. Bxc6 Qxc6 16. 0-0 Rg8 17. f3 Bf8 18. Bxf8 Kxf8 19. Qd4 Ke7 20. Qh4+ Kd6 21. Rad1+ Kc7 22. Rd4 Qc5 23. Kh1 d5 24. Rfd1 Rg7 25. b4 Qc6 26. Qe7+ Kb6 27. Rf4 Ra7 28. Qf6 Rg6 29. Qd4+ Kb7 30. Rxf7+ Kc8 31. Rxa7 e5 32. Qxe5 Qb6 33. Qe8+ Qd8 34. Ra8+ Kb7 35. Qxd8 Rxg2 36. Kxg2 Kc6 37. Qxd5+ Kb6 38. a4 a5 39. Qb5+ Kc7 1-0

[Event "Australian op"]
[Site "Brisbane"]
[Date "2017.01.02"]
[Round "1"]
[White "Norris, Damian C"]
[Black "Jempson, Ross"]
[Result "1-0"]
[WhiteElo "1929"]
[BlackElo "1576"]
[PlyCount "79"]
[EventDate "2017.01.02"]
[EventType "swiss"]
[EventRounds "11"]
[EventCountry "AUS"]
[SourceTitle "CBM 176 Extra"]
[Source "ChessBase"]
[SourceDate "2017.03.02"]
[SourceVersion "1"]
[SourceVersionDate "2017.03.02"]
[SourceQuality "1"]

1. e4 c5 2. Nf3 d6 3. d4 cxd4 4. Nxd4 Nf6 5. Nc3 g6 6. Be2 Bg7 7. Be3 0-0 8. 0-0 Nc6 9. Qd2 Ng4 10. Bxg4 Bxg4 11. f3 Bd7 12. Rad1 Ne5 13. b3 Re8 14. Nd5 Bc6 15. Ne2 b6 16. c4 Rc8 17. Qb4 Rb8 18. Nd4 Ba8 19. Qa4 Rb7 20. h3 Qd7 21. Qxd7 Rxd7 22. Nb5 Rb8 23. f4 Nc6 24. e5 Nxe5 25. fxe5 Bxe5 26. Bf4 Bxf4 27. Rxf4 Kg7 28. g4 h6 29. Rdf1 Rf8 30. Nbc3 Bb7 31. Re1 Re8 32. Rf2 Kf8 33. Ref1 f6 34. Re1 Kf7 35. Kh2 Bc6 36. Kg3 Rh8 37. Rfe2 Re8 38. Re6 Rb7 39. h4 Bxd5 40. Nxd5 1-0

[Event "Oceania zt"]
[Site "Gold Coast"]
[Date "2009.06.21"]
[Round "3"]
[White "Juszczynski, Mathew"]
[Black "Norris, Damian C"]
[Result "1-0"]
[WhiteElo "1914"]
[BlackElo "2142"]
[PlyCount "61"]
[EventDate "2009.06.20"]
[EventType "swiss"]
[EventRounds "9"]
[EventCountry "AUS"]
[SourceTitle "CBM 130 Extra"]
[Source "ChessBase"]
[SourceDate "2009.07.02"]
[SourceVersion "2"]
[SourceVersionDate "2009.07.15"]
[SourceQuality "1"]

1. d4 e6 2. c4 Nf6 3. Nf3 Bb4+ 4. Nbd2 d5 5. a3 Be7 6. Qc2 b6 7. g3 Bb7 8. Bg2 c5 9. cxd5 exd5 10. 0-0 Nbd7 11. dxc5 bxc5 12. b4 cxb4 13. Rb1 a5 14. axb4 Bxb4 15. Qf5 0-0 16. Bb2 Qe7 17. e3 Qe6 18. Qg5 h6 19. Qf4 Ba6 20. Rfd1 Be2 21. Nd4 Qg4 22. Nxe2 Qxe2 23. Bf3 Qa6 24. Nb3 Qc4 25. Nd4 Rac8 26. Rdc1 Qa2 27. Ba1 Rxc1+ 28. Rxc1 Qa3 29. Rd1 Bd6 30. Nb5 Qxa1 31. Rxa1 1-0

[Event "Oceania zt"]
[Site "Gold Coast"]
[Date "2009.06.20"]
[Round "1"]
[White "Stahnke, Alexander"]
[Black "Norris, Damian C"]
[Result "1-0"]
[WhiteElo "1795"]
[BlackElo "2142"]
[PlyCount "143"]
[EventDate "2009.06.20"]
[EventType "swiss"]
[EventRounds "9"]
[EventCountry "AUS"]
[SourceTitle "CBM 130 Extra"]
[Source "ChessBase"]
[SourceDate "2009.07.02"]
[SourceVersion "2"]
[SourceVersionDate "2009.07.15"]
[SourceQuality "1"]

1. c4 e5 2. Nc3 Nf6 3. d3 d5 4. cxd5 Nxd5 5. a3 Be7 6. g3 Be6 7. Bg2 Nc6 8. Nf3 0-0 9. 0-0 Nb6 10. Ne4 f6 11. Be3 Nd4 12. Bxd4 exd4 13. Rc1 Rc8 14. Nc5 Bxc5 15. Rxc5 Qd6 16. b4 Nd7 17. Rc1 c5 18. Qa4 cxb4 19. Qxb4 Qxb4 20. axb4 Bd5 21. Nxd4 Bxg2 22. Kxg2 Rfe8 23. e3 Ne5 24. Nf5 Rxc1 25. Rxc1 Nxd3 26. Rc7 Re5 27. Nd6 h6 28. Rxb7 Re6 29. Nf5 Re5 30. g4 a5 31. bxa5 Rxa5 32. Rxg7+ Kf8 33. Rd7 Ne5 34. Rd8+ Kf7 35. Nxh6+ Kg6 36. f4 Kxh6 37. fxe5 Rxe5 38. Kf3 Kg6 39. Kf4 Ra5 40. h4 Ra4+ 41. Rd4 Ra1 42. h5+ Kg7 43. Kf5 Ra5+ 44. Kf4 Ra1 45. Rd5 Rf1+ 46. Ke4 Kf7 47. Rf5 Rh1 48. g5 Rh4+ 49. Rf4 Rxh5 50. Rxf6+ Kg7 51. Kf5 Rh1 52. e4 Rf1+ 53. Ke6 Ra1 54. e5 Ra6+ 55. Kf5 Ra1 56. e6 Ra5+ 57. Kg4 Re5 58. Kf4 Re1 59. Kf5 Rf1+ 60. Ke5 Re1+ 61. Kd6 Rd1+ 62. Kc6 Rc1+ 63. Kd7 Rd1+ 64. Ke8 Ra1 65. e7 Ra8+ 66. Kd7 Ra7+ 67. Kd6 Ra6+ 68. Kc5 Ra5+ 69. Kc6 Re5 70. Kd7 Rxg5 71. Re6 Rd5+ 72. Kc6 1-0

[Event "Fiji-ch Inv"]
[Site "Suva"]
[Date "2003.12.10"]
[Round "5"]
[White "Norris, Damian C"]
[Black "Bennett, Hilton Petrie"]
[Result "1/2-1/2"]
[WhiteElo "2195"]
[BlackElo "2065"]
[PlyCount "26"]
[EventDate "2003.12.08"]
[EventType "tourn"]
[EventRounds "9"]
[EventCountry "FIJ"]
[SourceTitle "CBM 098 Extra"]
[Source "ChessBase"]
[SourceDate "2004.03.10"]
[SourceVersion "2"]
[SourceVersionDate "2004.03.10"]
[SourceQuality "1"]

1. d4 Nf6 2. Nc3 d5 3. Bg5 Nbd7 4. f3 h6 5. Bh4 c6 6. e4 dxe4 7. fxe4 Qa5 8. Qd2 e6 9. Bd3 Bb4 10. Nge2 c5 11. dxc5 Bxc5 12. a3 a6 13. Nd1 Qxd2+ 1/2-1/2

[Event "Fiji-ch Inv"]
[Site "Suva"]
[Date "2003.12.09"]
[Round "4"]
[White "Prasad, Calvin"]
[Black "Norris, Damian C"]
[Result "0-1"]
[WhiteElo "1800"]
[BlackElo "2195"]
[PlyCount "34"]
[EventDate "2003.12.08"]
[EventType "tourn"]
[EventRounds "9"]
[EventCountry "FIJ"]
[SourceTitle "CBM 098 Extra"]
[Source "ChessBase"]
[SourceDate "2004.03.10"]
[SourceVersion "2"]
[SourceVersionDate "2004.03.10"]
[SourceQuality "1"]

1. d4 e6 2. e4 d5 3. Nc3 Bb4 4. a3 Bxc3+ 5. bxc3 dxe4 6. Qg4 Nf6 7. Qxg7 Rg8 8. Qh6 c5 9. Qe3 Qa5 10. Bd2 Bd7 11. Qf4 Rg6 12. h4 h5 13. d5 exd5 14. c4 Qb6 15. cxd5 Qb2 16. Rd1 Nxd5 17. Qxe4+ Re6 0-1

[Event "Fiji-ch Inv"]
[Site "Suva"]
[Date "2003.12.08"]
[Round "1"]
[White "Bekker, Gary"]
[Black "Norris, Damian C"]
[Result "1/2-1/2"]
[WhiteElo "1863"]
[BlackElo "2195"]
[PlyCount "50"]
[EventDate "2003.12.08"]
[EventType "tourn"]
[EventRounds "9"]
[EventCountry "FIJ"]
[SourceTitle "CBM 098 Extra"]
[Source "ChessBase"]
[SourceDate "2004.03.10"]
[SourceVersion "2"]
[SourceVersionDate "2004.03.10"]
[SourceQuality "1"]

1. d4 Nf6 2. c4 e6 3. Nc3 Bb4 4. e3 0-0 5. Nf3 d5 6. Bd3 c5 7. 0-0 Nc6 8. a3 Bxc3 9. bxc3 dxc4 10. Bxc4 Qc7 11. Qe2 e5 12. dxc5 e4 13. Nd4 Ng4 14. g3 Nge5 15. Bd5 Bh3 16. Bxe4 Bxf1 17. Qxf1 Na5 18. a4 Nec4 19. Rb1 Qxc5 20. Rb5 Qe7 21. Bxh7+ Kxh7 22. Qh3+ Kg8 23. Rh5 g6 24. Rh8+ Kg7 25. Nf5+ Kf6 1/2-1/2

[Event "Oceania zt"]
[Site "Warwick Fiji"]
[Date "2002.05.10"]
[Round "7"]
[White "Norris, Damian C"]
[Black "Bennett, Hilton Petrie"]
[Result "0-1"]
[WhiteElo "2220"]
[BlackElo "2055"]
[PlyCount "68"]
[EventDate "2002.05.06"]
[EventType "swiss"]
[EventRounds "9"]
[EventCountry "FIJ"]
[SourceTitle "CBM 088 Extra"]
[Source "ChessBase"]
[SourceDate "2002.07.01"]
[SourceVersion "2"]
[SourceVersionDate "2002.07.01"]
[SourceQuality "1"]

1. d4 Nf6 2. Nc3 d6 3. e4 c6 4. Bg5 Qb6 5. a3 e5 6. Nf3 Bg4 7. Be3 Qa5 8. b4 Qc7 9. Be2 Nbd7 10. 0-0 Be7 11. Ne1 Bxe2 12. Qxe2 0-0 13. f4 Rfe8 14. Nd3 Bf8 15. Qf3 a5 16. Rae1 axb4 17. axb4 Ra3 18. fxe5 dxe5 19. Ne2 Bd6 20. Bc1 Ra2 21. c3 exd4 22. Nxd4 Bxh2+ 23. Kh1 Ne5 24. Nxe5 Qxe5 25. Bg5 Qxg5 26. Kxh2 h6 27. Nf5 Ng4+ 28. Kg1 Ne5 29. Qh3 Ng6 30. g3 Rc2 31. g4 Ne5 32. Qh5 Qxg4+ 33. Qxg4 Nxg4 34. Nd6 Rd8 0-1

[Event "Oceania zt"]
[Site "Warwick Fiji"]
[Date "2002.05.06"]
[Round "1"]
[White "Lane, Gary William"]
[Black "Norris, Damian C"]
[Result "1-0"]
[WhiteElo "2446"]
[BlackElo "2220"]
[PlyCount "107"]
[EventDate "2002.05.06"]
[EventType "swiss"]
[EventRounds "9"]
[EventCountry "FIJ"]
[SourceTitle "CBM 088 Extra"]
[Source "ChessBase"]
[SourceDate "2002.07.01"]
[SourceVersion "2"]
[SourceVersionDate "2002.07.01"]
[SourceQuality "1"]

1. e4 c5 2. Nf3 e6 3. d4 cxd4 4. Nxd4 Nf6 5. Nc3 Nc6 6. Ndb5 Bb4 7. a3 Bxc3+ 8. Nxc3 d5 9. exd5 exd5 10. Bd3 0-0 11. 0-0 h6 12. Bf4 d4 13. Nb5 Nd5 14. Qf3 Be6 15. Rfe1 Qd7 16. Nd6 Rad8 17. Bg3 Nde7 18. Qe4 g6 19. Rad1 Nf5 20. Nxf5 Bxf5 21. Qf4 Bxd3 22. Rxd3 Rfe8 23. Red1 Kg7 24. h4 Re2 25. b4 Qe7 26. b5 Re4 27. Qc1 Ne5 28. Rb3 Nc4 29. Rb4 Nd6 30. Rbxd4 Rxd4 31. Rxd4 Nf5 32. Rxd8 Qxd8 33. Be5+ f6 34. Bf4 Nxh4 35. Bxh6+ Kf7 36. Qd2 Qxd2 37. Bxd2 Nf5 38. Bc3 Nd6 39. a4 f5 40. Kf1 Ke6 41. Ke2 Kd5 42. Kd3 Ne4 43. Bd4 a6 44. c4+ Ke6 45. f3 Nd6 46. c5 Nf7 47. Kc4 axb5+ 48. axb5 Nd8 49. Be3 Ke5 50. g3 Ne6 51. Bf4+ Kf6 52. c6 bxc6 53. bxc6 Ke7 54. Kd5 1-0

[Event "AUS-ch"]
[Site "Sydney"]
[Date "1995.??.??"]
[Round "9"]
[White "Berezina, Irina"]
[Black "Norris, Damian C"]
[Result "1-0"]
[WhiteElo "2210"]
[BlackElo "2170"]
[PlyCount "45"]
[EventDate "1995.??.??"]
[EventType "swiss"]
[EventRounds "11"]
[EventCountry "AUS"]
[SourceTitle "EXT 1998"]
[Source "ChessBase"]
[SourceDate "1997.11.17"]
[SourceVersion "1"]
[SourceVersionDate "1997.11.17"]
[SourceQuality "1"]

1. d4 e6 2. Nf3 Nf6 3. e3 b6 4. Nbd2 Bb7 5. Bd3 c5 6. 0-0 Qc7 7. a3 Nc6 8. b3 cxd4 9. exd4 Rc8 10. Bb2 Be7 11. Re1 Qf4 12. Qe2 0-0 13. Rad1 Rc7 14. b4 d5 15. g3 Qh6 16. Bc1 Qh5 17. Qf1 Bc8 18. b5 Na5 19. Re5 Nc4 20. Rxh5 Nxh5 21. Nxc4 dxc4 22. Bxc4 Nf6 23. Bf4 1-0

[Event "Genting zt"]
[Site "Genting"]
[Date "1995.??.??"]
[Round "1"]
[White "Nadera, Barlo A"]
[Black "Norris, Damian C"]
[Result "1-0"]
[WhiteElo "2405"]
[BlackElo "2170"]
[PlyCount "89"]
[EventDate "1995.07.??"]
[EventType "swiss"]
[EventRounds "11"]
[EventCountry "INA"]
[SourceTitle "CBM 047 Extra"]
[Source "ChessBase"]
[SourceDate "1995.09.01"]
[SourceVersion "1"]
[SourceVersionDate "1995.09.01"]
[SourceQuality "1"]

1. d4 Nf6 2. c4 e6 3. Nc3 Bb4 4. Qc2 c5 5. dxc5 0-0 6. a3 Bxc5 7. Nf3 b6 8. Bg5 Be7 9. Rd1 Bb7 10. e4 h6 11. Bh4 Nh5 12. Bg3 f5 13. Bxb8 Rxb8 14. Nd4 fxe4 15. Nxe6 Qe8 16. Nxf8 Bxf8 17. Qd2 e3 18. fxe3 Bc5 19. Nd5 Qe5 20. b4 Be7 21. Qd4 Qg5 22. Be2 Bf6 23. Qg4 Bxd5 24. Qxg5 Bxg5 25. Rxd5 Nf6 26. Rd3 Re8 27. Kf2 Re4 28. Rc1 Re5 29. Bf3 d6 30. Rcd1 Kf7 31. g3 h5 32. h3 g6 33. Bc6 Ke7 34. Kf3 Rf5+ 35. Kg2 Re5 36. Re1 Ne4 37. Kf3 Nf6 38. e4 Ng8 39. Red1 Re6 40. Bd5 Rf6+ 41. Kg2 Nh6 42. h4 Bxh4 43. gxh4 Rf4 44. Rh1 Ng4 45. Rf3 1-0

[Event "AUS-ch"]
[Site "Sydney"]
[Date "1995.??.??"]
[Round "8"]
[White "Norris, Damian C"]
[Black "Canfell, Gregory"]
[Result "1/2-1/2"]
[WhiteElo "2170"]
[BlackElo "2285"]
[PlyCount "65"]
[EventDate "1995.??.??"]
[EventType "swiss"]
[EventRounds "11"]
[EventCountry "AUS"]
[SourceTitle "EXT 1998"]
[Source "ChessBase"]
[SourceDate "1997.11.17"]
[SourceVersion "1"]
[SourceVersionDate "1997.11.17"]
[SourceQuality "1"]

1. e4 c5 2. Nf3 e6 3. d4 cxd4 4. Nxd4 Nf6 5. Nc3 d6 6. f4 Be7 7. Be3 0-0 8. Qf3 Nc6 9. 0-0-0 Qc7 10. g4 Nxd4 11. Bxd4 e5 12. fxe5 dxe5 13. Qg3 Bd6 14. Be3 Bb4 15. g5 Nh5 16. Nd5 Nxg3 17. Nxc7 Nxh1 18. Be2 Bh3 19. Nxa8 Rxa8 20. Rxh1 Be6 21. a3 Be7 22. Rd1 a6 23. h4 b5 24. Bb6 Rc8 25. b4 Kf8 26. Kb2 Ke8 27. c3 Rc6 28. Bf2 Bc4 29. Bg4 Rc7 30. Bb6 Rb7 31. Bf2 Rc7 32. Bb6 Rb7 33. Bf2 1/2-1/2

[Event "AUS-ch"]
[Site "Sydney"]
[Date "1995.??.??"]
[Round "4"]
[White "Norris, Damian C"]
[Black "Solomon, Stephen J"]
[Result "0-1"]
[WhiteElo "2170"]
[BlackElo "2400"]
[PlyCount "34"]
[EventDate "1995.??.??"]
[EventType "swiss"]
[EventRounds "11"]
[EventCountry "AUS"]
[SourceTitle "EXT 1998"]
[Source "ChessBase"]
[SourceDate "1997.11.17"]
[SourceVersion "1"]
[SourceVersionDate "1997.11.17"]
[SourceQuality "1"]

1. d4 Nf6 2. Nc3 d5 3. Bg5 Nbd7 4. f3 c5 5. dxc5 e6 6. e4 dxe4 7. Nxe4 Bxc5 8. Bxf6 gxf6 9. Qd2 Qb6 10. Nxc5 Nxc5 11. 0-0-0 e5 12. Bb5+ Ke7 13. Ne2 Be6 14. Nc3 Rac8 15. f4 e4 16. f5 Bxa2 17. Nxa2 Nb3+ 0-1

[Event "Genting zt"]
[Site "Genting"]
[Date "1995.??.??"]
[Round "10"]
[White "Norris, Damian C"]
[Black "Tsang, Hon Ki"]
[Result "1-0"]
[WhiteElo "2170"]
[BlackElo "2200"]
[PlyCount "96"]
[EventDate "1995.07.??"]
[EventType "swiss"]
[EventRounds "11"]
[EventCountry "INA"]
[SourceTitle "CBM 047 Extra"]
[Source "ChessBase"]
[SourceDate "1995.09.01"]
[SourceVersion "1"]
[SourceVersionDate "1995.09.01"]
[SourceQuality "1"]

1. e4 e5 2. Nf3 Nc6 3. Bc4 Nf6 4. Ng5 d5 5. exd5 b5 6. Bxb5 Qxd5 7. Nc3 Qxg2 8. Qf3 Qxf3 9. Nxf3 Bd7 10. 0-0 Bd6 11. Bxc6 Bxc6 12. Nxe5 Bxe5 13. Re1 0-0-0 14. Rxe5 Rhe8 15. Re2 Rxe2 16. Nxe2 Re8 17. Kf1 Ng4 18. Nd4 Nxh2+ 19. Kg1 Nf3+ 20. Nxf3 Bxf3 21. Kh2 g5 22. Kg3 Bc6 23. b3 Re2 24. d4 f6 25. c4 Be4 26. Be3 h5 27. d5 a6 28. b4 h4+ 29. Kg4 f5+ 30. Kxg5 Rxe3 31. fxe3 h3 32. Kf4 h2 33. Ke5 Kd7 34. a4 h1Q 35. Rxh1 Bxh1 36. Kxf5 Bf3 37. Ke5 Bd1 38. a5 Ba4 39. e4 Kc8 40. Kf6 Bb3 41. c5 Kd7 42. b5 Bc4 43. c6+ Kc8 44. b6 cxb6 45. axb6 Bb5 46. b7+ Kb8 47. Ke7 Bxc6 48. dxc6 Kc7 1-0

[Event "AUS-ch"]
[Site "Sydney"]
[Date "1995.??.??"]
[Round "6"]
[White "Tao, Trevor"]
[Black "Norris, Damian C"]
[Result "1-0"]
[WhiteElo "2420"]
[BlackElo "2170"]
[PlyCount "73"]
[EventDate "1995.??.??"]
[EventType "swiss"]
[EventRounds "11"]
[EventCountry "AUS"]
[SourceTitle "EXT 1998"]
[Source "ChessBase"]
[SourceDate "1997.11.17"]
[SourceVersion "1"]
[SourceVersionDate "1997.11.17"]
[SourceQuality "1"]

1. c4 e5 2. Nc3 Nf6 3. g3 d5 4. cxd5 Nxd5 5. Bg2 Be6 6. Nf3 Nc6 7. d3 Be7 8. 0-0 0-0 9. Bd2 Kh8 10. a3 a5 11. Rc1 Qd7 12. Ne4 Bh3 13. Bxh3 Qxh3 14. Qb3 Nb6 15. Nc5 a4 16. Qa2 f5 17. Nxb7 Rf6 18. Rxc6 Rxc6 19. Nxe5 Rf6 20. Nf7+ Rxf7 21. Qxf7 Bf6 22. Qxc7 Bd4 23. Qd6 Qg4 24. Bf4 Bxb2 25. Qxb6 Qxe2 26. Qd6 Qf3 27. Nd8 Bxa3 28. Qxa3 Rxd8 29. Re1 h6 30. Qxa4 Rxd3 31. Qe8+ Kh7 32. Qf7 Qg4 33. Be5 Rd1 34. Rxd1 Qxd1+ 35. Kg2 Qg4 36. f3 Qg5 37. h4 1-0

[Event "Olympiad-31"]
[Site "Moscow"]
[Date "1994.12.16"]
[Round "14.1"]
[White "Smith, Alvin LA"]
[Black "Norris, Damian C"]
[Result "0-1"]
[WhiteElo "2205"]
[BlackElo "2170"]
[PlyCount "46"]
[EventDate "1994.12.01"]
[EventType "team-swiss"]
[EventRounds "14"]
[EventCountry "RUS"]
[SourceTitle "CBM 045"]
[Source "ChessBase"]
[SourceDate "1995.04.01"]
[SourceVersion "1"]
[SourceVersionDate "1995.04.01"]
[SourceQuality "1"]
[WhiteTeam "Netherlands Antilles"]
[BlackTeam "Fiji"]
[WhiteTeamCountry "AHO"]
[BlackTeamCountry "FIJ"]

1. e4 c5 2. Nf3 Nc6 3. d4 cxd4 4. Nxd4 Nf6 5. Nc3 e6 6. a3 d5 7. exd5 exd5 8. Be2 Qb6 9. Nxc6 bxc6 10. 0-0 Be7 11. Na4 Qa5 12. c3 0-0 13. Be3 Ne4 14. b4 Qc7 15. f3 Nd6 16. Nc5 Nf5 17. Bd4 Bd6 18. Bf2 Bxh2+ 19. Kh1 Ng3+ 20. Bxg3 Bxg3 21. Qd4 Qd6 22. Rfd1 Re8 23. Ra2 Qh6+ 0-1

[Event "Olympiad-31"]
[Site "Moscow"]
[Date "1994.12.10"]
[Round "9.1"]
[White "Norris, Damian C"]
[Black "Guevara, Martin"]
[Result "1-0"]
[WhiteElo "2170"]
[BlackElo "2335"]
[PlyCount "87"]
[EventDate "1994.12.01"]
[EventType "team-swiss"]
[EventRounds "14"]
[EventCountry "RUS"]
[SourceTitle "CBM 045"]
[Source "ChessBase"]
[SourceDate "1995.04.01"]
[SourceVersion "1"]
[SourceVersionDate "1995.04.01"]
[SourceQuality "1"]
[WhiteTeam "Fiji"]
[BlackTeam "Nicaragua"]
[WhiteTeamCountry "FIJ"]
[BlackTeamCountry "NCA"]

1. e4 c5 2. Nf3 Nc6 3. d4 cxd4 4. Nxd4 Nf6 5. Nc3 e5 6. Ndb5 d6 7. Bg5 a6 8. Na3 b5 9. Nd5 Be7 10. Nxe7 Nxe7 11. f3 d5 12. exd5 Qxd5 13. Qxd5 Nexd5 14. c4 bxc4 15. Nxc4 0-0 16. Be2 h6 17. Bd2 e4 18. 0-0 Be6 19. b3 Rab8 20. Ne3 exf3 21. Rxf3 Nxe3 22. Rxe3 Nd5 23. Rg3 Ne7 24. Bxa6 Nf5 25. Rc3 Rfd8 26. Bf4 Rb4 27. Be5 Rd5 28. Bc7 Rd2 29. Rd3 Rd4 30. Rxd4 Nxd4 31. Ba5 Rb2 32. Bc4 Bxc4 33. bxc4 Rc2 34. Bb6 Rxc4 35. Bxd4 Rxd4 36. a4 Kf8 37. a5 Rd7 38. Kf2 Ke7 39. Ke3 Kf6 40. a6 Rd8 41. Ke4 g5 42. a7 Ra8 43. Ra6+ Kg7 44. g4 1-0